00412 2200157 4500245006000000020002200060250001100082100002000093650002800113005001900141260003300160041001400193084001000207300002800217336000900245 aPemungut Pajak Pertambahan NilaicUntung SukardjihText a978-979-769-220-9 aCet. 1 aUntung Sukardji aPajak Pertambahan Nilai a20230412114139 aJakartabRajawali Persc2008 aIndonesia a336.2 axiv, 230 hlm. :c23 cm. atext